OPAC Home

වන දරුවෝ (Record no. 42739)

MARC details
000 -LEADER
fixed length control field 00469nam a2200181Ia 4500
008 - FIXED-LENGTH DATA ELEMENTS--GENERAL INFORMATION
fixed length control field 141024t2012 xxu||||| |||| 00| 0 sin d
041 ## - LANGUAGE CODE
Language code of text/sound track or separate title Sinhala; Sinhalese
080 ## - UNIVERSAL DECIMAL CLASSIFICATION NUMBER
Universal Decimal Classification number 8 S S 3 ( Youth )
Item number MAR
942 ## - ADDED ENTRY ELEMENTS (KOHA)
Koha item type Books
003 - CONTROL NUMBER IDENTIFIER
control field LK-CoDNM
040 ## - CATALOGING SOURCE
Original cataloging agency LK-CoDNM
Modifying agency LK-CoDNM
Description conventions LK-CoDNM
100 ## - MAIN ENTRY--PERSONAL NAME
Personal name Marryat, Captain
700 ## - ADDED ENTRY--PERSONAL NAME
Personal name De Mal , Lal Premanath
Relator term translater
245 ## - TITLE STATEMENT
Title වන දරුවෝ
246 ## - VARYING FORM OF TITLE
Title proper/short title Wana Daruwo
260 ## - PUBLICATION, DISTRIBUTION, ETC. (IMPRINT)
Place of publication, distribution, etc. Gunasena
-- Colombo
Date of publication, distribution, etc. 2012
300 ## - PHYSICAL DESCRIPTION
Other physical details vii,119p, 18 cm
Holdings
Withdrawn status Lost status Damaged status Not for loan Collection code Permanent Location Current Location Date acquired Full call number Barcode Koha item type
        Translation Library National Museum Colombo - Sri Lanka Library National Museum Colombo - Sri Lanka 2014-10-24 8 S S 3 ( Youth ) MAR 157998 Books
Copyright © 2023 Department of National Museum, Colombo 07, Sri Lanka Funded by UNESCO IFAP UNESCO